| 000 | 00321nam a22001217a 4500 | ||
|---|---|---|---|
| 020 | _a0-8359-5463-3 | ||
| 082 | _a005.133-P CHE'P | ||
| 100 |
_aCHERRY, G.W _976281 |
||
| 245 | _aPASCAL PROGRAMMING STRUCTURES AN INTRODUCTION TO SYSTEMATIC PROGRAMMING | ||
| 260 |
_aVIRGINIA _bRESTON _c1980 |
||
| 300 | _a314P | ||
| 942 | _cBK | ||
| 999 |
_c581675 _d581675 |
||